<?xml version="1.0" encoding="UTF-8"?>
<record
    xmlns:xsi="http://www.w3.org/2001/XMLSchema-instance"
    xsi:schemaLocation="http://www.loc.gov/MARC21/slim http://www.loc.gov/standards/marcxml/schema/MARC21slim.xsd"
    xmlns="http://www.loc.gov/MARC21/slim">

  <leader>00709nam a22001937a 4500</leader>
  <controlfield tag="005">20241118121725.0</controlfield>
  <datafield tag="010" ind1=" " ind2=" ">
    <subfield code="a">ENG-142583</subfield>
  </datafield>
  <datafield tag="020" ind1=" " ind2=" ">
    <subfield code="c">960.00</subfield>
    <subfield code="a">9789390746354</subfield>
  </datafield>
  <datafield tag="035" ind1=" " ind2=" ">
    <subfield code="a">EN-126115</subfield>
  </datafield>
  <datafield tag="037" ind1=" " ind2=" ">
    <subfield code="b">DBAD</subfield>
  </datafield>
  <datafield tag="082" ind1=" " ind2=" ">
    <subfield code="a">966.26</subfield>
    <subfield code="2">1</subfield>
  </datafield>
  <datafield tag="100" ind1=" " ind2=" ">
    <subfield code="a">Isaac, Nwobi Obiora </subfield>
    <subfield code="9">73982</subfield>
  </datafield>
  <datafield tag="245" ind1=" " ind2=" ">
    <subfield code="a">The Nigeria-Biafra War, OAU and the Politics of Diplomatic Recognition of Biafra, 1967 &#x2013; 1970/</subfield>
    <subfield code="c">by Nwobi Obiora Isaac</subfield>
  </datafield>
  <datafield tag="260" ind1=" " ind2=" ">
    <subfield code="a">Kolkata</subfield>
    <subfield code="b">Exceller Books</subfield>
    <subfield code="c">2021</subfield>
  </datafield>
  <datafield tag="270" ind1=" " ind2=" ">
    <subfield code="a">G1 Dream Apartment, Degree College Road</subfield>
    <subfield code="b"> Belgharia,Kolkata</subfield>
  </datafield>
  <datafield tag="300" ind1=" " ind2=" ">
    <subfield code="a">246p. </subfield>
    <subfield code="c">22cm(pb)</subfield>
  </datafield>
  <datafield tag="500" ind1=" " ind2=" ">
    <subfield code="a">The Politics of Biafra Diplomatic Recognition During The  Nigeria Civil War</subfield>
  </datafield>
  <datafield tag="942" ind1=" " ind2=" ">
    <subfield code="2">ddc</subfield>
    <subfield code="c">EN</subfield>
    <subfield code="m">NWO</subfield>
    <subfield code="h">966.26</subfield>
  </datafield>
  <datafield tag="999" ind1=" " ind2=" ">
    <subfield code="c">207004</subfield>
    <subfield code="d">207004</subfield>
  </datafield>
  <datafield tag="952" ind1=" " ind2=" ">
    <subfield code="0">0</subfield>
    <subfield code="1">0</subfield>
    <subfield code="4">0</subfield>
    <subfield code="7">0</subfield>
    <subfield code="8">NFIC</subfield>
    <subfield code="a">BN</subfield>
    <subfield code="b">BN</subfield>
    <subfield code="d">2024-11-18</subfield>
    <subfield code="e">Delivery of Books Act Division</subfield>
    <subfield code="g">960.00</subfield>
    <subfield code="l">0</subfield>
    <subfield code="o">NWO 966.26</subfield>
    <subfield code="p">EN-126115</subfield>
    <subfield code="r">2024-11-18 00:00:00</subfield>
    <subfield code="t">1</subfield>
    <subfield code="v">960.00</subfield>
    <subfield code="w">2024-11-18</subfield>
    <subfield code="y">EN</subfield>
  </datafield>
</record>
